Provenance variation of wild Hevea germplasm in a dry sub humid region of India (Record no. 66079)

MARC details
000 -LEADER
fixed length control field 01771nam a2200217Ia 4500
100 ## - MAIN ENTRY--AUTHOR NAME
Personal name Krishan B
245 #0 - TITLE STATEMENT
Title Provenance variation of wild Hevea germplasm in a dry sub humid region of India
260 ## - PUBLICATION, DISTRIBUTION, ETC. (IMPRINT)
Name of publisher Indian Forester
Year of publication 2011
300 ## - PHYSICAL DESCRIPTION
Number of Pages 1321-1324
520 ## - SUMMARY, ETC.
Summary, etc An evaluation at nursery stage of 56 wild accessions of 3 provenances of Amazon basin, Acre (AC), Rondonia (RO) and Mato Grosso (MT) of wild Hevea brasiliensis (Para Rubber) and 2 rubber commercial clones was carried out at the Regional Research Station of Rubber Research Institute of India located at Sukma, a drought prone area under dry sub humid region of Baster district in central-eastern India to obtain information about potential of variability in quantitative traits. Among the different accessions, girth ranged from 3.84 cm (AC 685) to 8.0 cm (RO 876), scion height 133.4 cm (AC 158) to 292.37 cm (RO 897), number of leaves 11.0 (AC 623) to 51.75 (RO 876) and leaf area from 85.49 cm2 (MT 58) to 195.60 cm2 (AC 623). The observations revealed wide inter and intra provenance variations for all the quantitative traits. The existance of high variability was evidenced by moderate to high estimates of phrnotypic and genotypic coefficient of variation for the traits. High heritability was observed for girth and scion height. Among the three provenances, Rondonia exhibited superiority for most of the traits. A judicious selection of these promising diverse materials would be useful in future bredding programmes.
650 ## - SUBJECT ADDED ENTRY--TOPICAL TERM
Topical Term Heritability
650 ## - SUBJECT ADDED ENTRY--TOPICAL TERM
Topical Term Hevea
650 ## - SUBJECT ADDED ENTRY--TOPICAL TERM
Topical Term Provenance
650 ## - SUBJECT ADDED ENTRY--TOPICAL TERM
Topical Term Variability
650 ## - SUBJECT ADDED ENTRY--TOPICAL TERM
Topical Term Wild germplasm
700 ## - ADDED ENTRY--PERSONAL NAME
Personal name Nazeer M A
700 ## - ADDED ENTRY--PERSONAL NAME
Personal name Rao G P
700 ## - ADDED ENTRY--PERSONAL NAME
Personal name Rao K N
942 ## - ADDED ENTRY ELEMENTS (KOHA)
Koha item type Journals
Holdings
Withdrawn status Lost status Damaged status Not for loan Home library Current library Shelving location Date acquired Serial Enumeration / chronology Koha item type
      Journals RRII Library RRII Library Germaplsm 24/01/2012 Volume 137, Issue 11 Journals